Passereaux - Oiseaux de France #1 - Statistiques

Statistiques générales
  • Ce quiz a été pris 91 fois
  • Le résultat moyen est 8 sur 16
Statistiques - réponses
Par images Réponse % Correct
Mésange bleue
100%
Sitelle torchepot
94%
Merle noir
93%
Bergeronnette grise
86%
Etourneau sansonnet
86%
Moineau friquet
86%
Verdier d'Europe
86%
Chardonneret élégant
81%
Pie bavarde
81%
Mésange charbonnière
80%
Geai des chênes
79%
Corneille noire
78%
Troglodyte mignon
78%
Pinson des arbres
77%
Hirondelle rustique
75%
Moineau domestique
75%
Rouge-gorge familier
71%
Grive musicienne
70%
Martinet à ventre blanc
70%
Choucas des tours
65%
Roitelet huppé
64%
Grimpereau des jardins
63%
Martinet noir
63%
Pouillot véloce
63%
Rougequeue noir
57%
Bouvreuil pivoine
55%
Gorgebleue à miroir
54%
Grosbec casse noyaux
54%
Bergeronnette des ruisseaux
53%
Hirondelle de fenêtre
50%
Mésange nonnette
50%
Tarier pâtre
47%
Bruant zizi
46%
Mésange noire
46%
Bec croisé des sapins
44%
Bruant jaune
44%
Fauvette à tête noire
43%
Grimpereau des bois
42%
Linotte mélodieuse
42%
Alouette des champs
35%
Accenteur mouchet
33%
Bruant des roseaux
33%
Gobemouche gris
33%
Rossignol philomèle
31%
Serin cini
31%
Traquet motteux
31%
Fauvette mélanocéphale
30%
Bouscarle de Cetti
28%
Pouillot fitis
27%
Cassenoix moucheté
25%
Loriot jaune
25%
Pie grièche écorcheur
25%
Pie grièche méridionale
25%
Torcole fourmilier
23%
Cisticole des joncs
22%
Panure à moustaches
21%
Fauvette pitchou
20%
Cochevis huppé
18%
Phragmite des joncs
18%
Pipit farlouse
18%
Fauvette babillarde
11%
Accenteur alpin
8%
Hypolaïs polyglotte
7%
Locustelle tachetée
0%
Aucun quiz correspondant
Distribution des résultats
% des personnes avec chaque résultat
Percentile par nombre de réponses
Votre historique - résultats
Vous n’avez pas pris ce quiz